[Event "Titled Tuesday intern op 24th Nov"]
[Site "Chess.com INT"]
[Date "2020.11.24"]
[Round "2"]
[White "Kachko, Alexander"]
[Black "Marcziter, Dmitrii"]
[Result "1-0"]
[WhiteElo "2328"]
[BlackElo "2243"]
[PlyCount "131"]
[EventDate "2020.11.24"]
[EventType "swiss (blitz)"]
[EventRounds "11"]
[EventCountry "USA"]
[SourceTitle "CBM 199 Extra"]
[Source "ChessBase"]
[SourceDate "2021.01.31"]
[SourceVersion "1"]
[SourceVersionDate "2021.01.31"]
[SourceQuality "1"]

1. e4 c5 2. Nc3 a6 3. g3 b5 4. Bg2 Bb7 5. d3 e6 6. Nh3 Nf6 7. 0-0 h5 8. f4 h4 9. g4 b4 10. Na4 d5 11. e5 Nfd7 12. c3 a5 13. d4 Nc6 14. Be3 cxd4 15. cxd4 Rc8 16. f5 Be7 17. fxe6 fxe6 18. Nf4 Nf8 19. Qd3 Nb8 20. Rfc1 Ba6 21. Rxc8 Qxc8 22. Qd2 g5 23. Nh5 Qd7 24. b3 Rg8 25. Bf1 Ng6 26. Bxa6 Nxa6 27. Rf1 Nf4 28. Bxf4 gxf4 29. Qxf4 Bg5 30. Nf6+ Bxf6 31. exf6 Kf7 32. Qh6 Rf8 33. Qh5+ Kg8 34. Qg6+ Kh8 35. Qh6+ Kg8 36. g5 e5 37. f7+ Rxf7 38. Rxf7 Qxf7 39. dxe5 Nc7 40. Nc5 Nb5 41. g6 Qa7 42. Qh7+ Qxh7 43. gxh7+ Kxh7 44. Kf2 Kg6 45. Ke3 Kf5 46. e6 Kf6 47. Kf4 Nd4 48. Kg4 Nxe6 49. Nd3 Nd4 50. Kxh4 Nf3+ 51. Kg3 Ne5 52. Nxe5 Kxe5 53. h4 Ke4 54. h5 Ke3 55. h6 d4 56. h7 d3 57. h8Q d2 58. Qe5+ Kd3 59. Qd5+ Ke2 60. Qe4+ Kf1 61. Qd3+ Ke1 62. Qe3+ Kd1 63. Kf3 Kc2 64. Qc5+ Kd1 65. Ke3 Ke1 66. Qd5 1-0

[Event "Titled Tuesday intern op 17th Nov"]
[Site "Chess.com INT"]
[Date "2020.11.17"]
[Round "3"]
[White "Benitez Lozano, Javier"]
[Black "Kachko, Alexander"]
[Result "0-1"]
[WhiteElo "2350"]
[BlackElo "2328"]
[PlyCount "125"]
[EventDate "2020.11.17"]
[EventType "swiss (blitz)"]
[EventRounds "11"]
[EventCountry "USA"]
[SourceTitle "CBM 199 Extra"]
[Source "ChessBase"]
[SourceDate "2021.01.31"]
[SourceVersion "1"]
[SourceVersionDate "2021.01.31"]
[SourceQuality "1"]

1. c4 Nc6 2. Nf3 e5 3. Nc3 f5 4. d4 e4 5. Ng5 Nf6 6. h4 Bb4 7. e3 d6 8. Bd2 0-0 9. g3 h6 10. Nh3 Ne7 11. Nxe4 Nxe4 12. Bxb4 c5 13. dxc5 dxc5 14. Qxd8 Rxd8 15. Ba3 b6 16. Bg2 Bb7 17. Rd1 Kf7 18. Ke2 Nxg3+ 19. fxg3 Bxg2 20. Rxd8 Rxd8 21. Rh2 Bxh3 22. Rxh3 a5 23. b3 Ng6 24. Bb2 Nf8 25. Rh1 g6 26. Rf1 h5 27. Bc3 Rd7 28. Rb1 Ne6 29. a3 Ke7 30. b4 cxb4 31. axb4 a4 32. c5 b5 33. Be5 Rd8 34. Rf1 Rd5 35. Bf4 Kd7 36. Rc1 Kc6 37. Ra1 Rd7 38. Rb1 a3 39. Ra1 Ra7 40. Be5 Kd5 41. Bc3 Kc4 42. Bd2 a2 43. Kf3 Kb3 44. Ke2 Kb2 45. Rxa2+ Rxa2 46. e4 fxe4 47. Ke3 Kb3 48. Be1 Kc4 49. Kxe4 Re2+ 50. Kf3 Rxe1 51. Kg2 Nxc5 52. Kh3 Rh1+ 53. Kg2 Rd1 54. Kh3 Kxb4 55. Kg2 Kc4 56. Kh3 Ne4 57. g4 Nf2+ 58. Kg2 Nxg4 59. Kf3 Rd4 60. Kg3 b4 61. Kf3 b3 62. Kg3 b2 63. Kf3 0-1

[Event "Titled Tuesday intern op 17th Nov"]
[Site "Chess.com INT"]
[Date "2020.11.17"]
[Round "8"]
[White "Kachko, Alexander"]
[Black "Navara, David"]
[Result "1-0"]
[WhiteElo "2328"]
[BlackElo "2697"]
[PlyCount "97"]
[EventDate "2020.11.17"]
[EventType "swiss (blitz)"]
[EventRounds "11"]
[EventCountry "USA"]
[SourceTitle "CBM 199 Extra"]
[Source "ChessBase"]
[SourceDate "2021.01.31"]
[SourceVersion "1"]
[SourceVersionDate "2021.01.31"]
[SourceQuality "1"]

1. e4 e5 2. Nf3 Nc6 3. Bc4 Bc5 4. c3 Nf6 5. d3 a6 6. Bb3 d6 7. 0-0 Ba7 8. Be3 Bxe3 9. fxe3 0-0 10. Nbd2 Ne7 11. Qe1 Ng6 12. Nh4 Nxh4 13. Qxh4 Be6 14. d4 Bxb3 15. axb3 Nd7 16. Qxd8 Raxd8 17. b4 g6 18. d5 f5 19. b3 Nf6 20. c4 fxe4 21. h3 h5 22. Rf2 Rf7 23. Raf1 Rdf8 24. g3 Kg7 25. Kg2 c6 26. dxc6 bxc6 27. Ra1 d5 28. Rxa6 d4 29. Nf1 Rc8 30. Ra5 Re7 31. b5 Nd7 32. bxc6 Rxc6 33. Ra7 Rce6 34. Rd2 Nc5 35. Rxe7+ Rxe7 36. b4 Nd3 37. b5 Rc7 38. Ra2 Rxc4 39. Nd2 Rb4 40. Nxe4 dxe3 41. Ra7+ Kh6 42. Kf3 Rxe4 43. Kxe4 e2 44. Ra1 Nf2+ 45. Ke3 Nd1+ 46. Kd2 e4 47. Rxd1 exd1Q+ 48. Kxd1 h4 49. gxh4 1-0

[Event "Titled Tuesday intern op 17th Nov"]
[Site "Chess.com INT"]
[Date "2020.11.17"]
[Round "5"]
[White "Kachko, Alexander"]
[Black "Praggnanandhaa, Rameshbabu"]
[Result "1-0"]
[WhiteElo "2328"]
[BlackElo "2608"]
[PlyCount "155"]
[EventDate "2020.11.17"]
[EventType "swiss (blitz)"]
[EventRounds "11"]
[EventCountry "USA"]
[SourceTitle "CBM 199 Extra"]
[Source "ChessBase"]
[SourceDate "2021.01.31"]
[SourceVersion "1"]
[SourceVersionDate "2021.01.31"]
[SourceQuality "1"]

1. d4 Nf6 2. Nf3 b6 3. Bg5 e6 4. e3 Bb7 5. Nbd2 Be7 6. a4 a6 7. a5 b5 8. Bd3 0-0 9. Bxf6 Bxf6 10. 0-0 d6 11. c4 bxc4 12. Nxc4 Nd7 13. e4 g6 14. Re1 Bg7 15. e5 Qe7 16. Rc1 Rfd8 17. exd6 cxd6 18. Bf1 Bxf3 19. Qxf3 Bxd4 20. Red1 Bc5 21. Nd2 Ne5 22. Qf4 Nd7 23. Ne4 Rab8 24. Nxc5 Nxc5 25. b4 e5 26. Qc4 Ne6 27. Rb1 Ra8 28. b5 axb5 29. Qxb5 Nd4 30. Qa4 Qa7 31. a6 Rab8 32. Rdc1 Kg7 33. Qa5 Ne6 34. Qd5 Rxb1 35. Rxb1 Nc5 36. g3 h5 37. Bc4 Rd7 38. h4 Kh7 39. Qc6 e4 40. Qb6 Kg7 41. Qxa7 Rxa7 42. Rb6 d5 43. Bb5 d4 44. Rc6 Ne6 45. Rb6 d3 46. Kf1 Nd4 47. Bc4 Rc7 48. Rb4 Nc6 49. Ra4 Na7 50. Ke1 f5 51. Kd2 Kf6 52. Ke3 Ke5 53. f3 Rd7 54. Ra5+ Kf6 55. Rd5 Rxd5 56. Bxd5 exf3 57. Bxf3 g5 58. Kxd3 f4 59. gxf4 gxh4 60. Ke4 Nb5 61. Bxh5 Ke6 62. Bf3 Kf6 63. Kd5 Na7 64. Kc5 Kf5 65. Kb6 Nc8+ 66. Kc7 Na7 67. Kb6 Nc8+ 68. Kb7 Nd6+ 69. Kc6 Nc8 70. Bg2 Kxf4 71. Bh3 Na7+ 72. Kb6 Kg3 73. Kxa7 Kxh3 74. Kb6 Kg3 75. a7 h3 76. a8Q Kh2 77. Qf3 Kg1 78. Qg3+ 1-0

[Event "Titled Tuesday intern op 17th Nov"]
[Site "Chess.com INT"]
[Date "2020.11.17"]
[Round "4"]
[White "Kachko, Alexander"]
[Black "Przybylski, Wojciech"]
[Result "1-0"]
[WhiteElo "2328"]
[BlackElo "2321"]
[PlyCount "161"]
[EventDate "2020.11.17"]
[EventType "swiss (blitz)"]
[EventRounds "11"]
[EventCountry "USA"]
[SourceTitle "CBM 199 Extra"]
[Source "ChessBase"]
[SourceDate "2021.01.31"]
[SourceVersion "1"]
[SourceVersionDate "2021.01.31"]
[SourceQuality "1"]

1. d4 Nf6 2. Nf3 e6 3. Bg5 c5 4. c3 b6 5. e3 Bb7 6. Nbd2 Be7 7. Bd3 0-0 8. a4 h6 9. Bh4 d6 10. 0-0 Nbd7 11. Qe2 Rb8 12. e4 Nh7 13. Bxe7 Qxe7 14. a5 e5 15. axb6 axb6 16. Ra7 Ng5 17. Nxg5 Qxg5 18. d5 Nf6 19. Nc4 Rfd8 20. Nxb6 Nh5 21. Qe3 Nf4 22. g3 Nh3+ 23. Kg2 Qxe3 24. fxe3 Ng5 25. h4 Nh7 26. Nc4 Nf6 27. Rfa1 Bc8 28. R1a2 Bg4 29. Na5 Rd7 30. Rxd7 Nxd7 31. Nc6 Rb7 32. b4 cxb4 33. cxb4 g6 34. Ra7 Rxa7 35. Nxa7 Nb6 36. Ba6 Kf8 37. Kf2 Bd1 38. Kf1 Bc2 39. Nb5 Bd3+ 40. Kf2 Bxe4 41. Nxd6 Bxd5 42. Bd3 Ke7 43. Nb5 e4 44. Bc2 f5 45. Nd4 Kd6 46. h5 Bf7 47. hxg6 Bxg6 48. Bb3 h5 49. Kg2 Ke5 50. Kh3 Nd7 51. Kh4 Be8 52. Kg5 Nf6 53. b5 Ng4 54. b6 Kd6 55. Nxf5+ Kc6 56. Ba4+ Kxb6 57. Bxe8 Kc5 58. Bxh5 Nf2 59. Be2 Kd5 60. g4 Ke5 61. Kh5 Kf6 62. Ng3 Ke5 63. g5 Nh3 64. g6 Kf6 65. Nxe4+ Kg7 66. Ng5 Nf2 67. Ne6+ Kg8 68. Bc4 Ne4 69. Ng5+ Kh8 70. Nxe4 Kg7 71. Kg5 Kh8 72. Bd3 Kg7 73. Kf5 Kg8 74. Kf6 Kh8 75. Bc2 Kg8 76. Bb1 Kh8 77. g7+ Kh7 78. Ng5+ Kh6 79. Nf7+ Kh5 80. g8Q Kh4 81. Qg5+ 1-0

[Event "Titled Tuesday intern op 06th Oct"]
[Site "Chess.com INT"]
[Date "2020.10.06"]
[Round "9"]
[White "Kachko, Alexander"]
[Black "Ezat, Mohamed Mahmoud"]
[Result "0-1"]
[WhiteElo "2328"]
[BlackElo "2408"]
[PlyCount "90"]
[EventDate "2020.10.06"]
[EventType "swiss (blitz)"]
[EventRounds "10"]
[EventCountry "USA"]
[SourceTitle "CBM 198 Extra"]
[Source "ChessBase"]
[SourceDate "2020.11.30"]
[SourceVersion "1"]
[SourceVersionDate "2020.11.30"]
[SourceQuality "1"]

1. e4 c6 2. d4 d5 3. exd5 cxd5 4. c3 Nc6 5. Bf4 g6 6. Nf3 Nh6 7. h4 Nf5 8. h5 Bg7 9. Bd3 Nd6 10. Ne5 Bf5 11. Be2 Qb6 12. Qb3 Nxe5 13. dxe5 Ne4 14. Qxb6 axb6 15. Bb5+ Bd7 16. Be2 g5 17. Bh2 h6 18. Nd2 Nc5 19. a3 Na4 20. 0-0-0 0-0 21. Nb3 Rfc8 22. Rxd5 Be6 23. Bf3 Nxc3 24. bxc3 Rxc3+ 25. Kb2 Rxf3 26. gxf3 Bxd5 27. Nd4 Ra4 28. Rd1 f5 29. Nb5 Bxf3 30. Rd8+ Kf7 31. Nd4 Bxh5 32. f4 gxf4 33. Bxf4 Bg4 34. Kb3 b5 35. e6+ Kg6 36. Be3 Bd1+ 37. Kb2 f4 38. Bf2 h5 39. Rd7 Bg4 40. Kc3 Rc4+ 41. Kb3 Bxd4 42. Bxd4 Bxe6 43. Rd8 Rc8+ 44. Kb4 Rxd8 45. Bb6 Rd5 0-1

[Event "Titled Tuesday intern op 22nd Sept"]
[Site "Chess.com INT"]
[Date "2020.09.22"]
[Round "9"]
[White "Kachko, Alexander"]
[Black "Livaic, Leon"]
[Result "1-0"]
[WhiteElo "2328"]
[BlackElo "2507"]
[PlyCount "69"]
[EventDate "2020.09.22"]
[EventType "swiss (blitz)"]
[EventRounds "10"]
[EventCountry "USA"]
[SourceTitle "CBM 198 Extra"]
[Source "ChessBase"]
[SourceDate "2020.11.30"]
[SourceVersion "1"]
[SourceVersionDate "2020.11.30"]
[SourceQuality "1"]

1. d4 Nf6 2. Nf3 e6 3. Bf4 b6 4. Nbd2 Bb7 5. a4 a6 6. e3 c5 7. Bd3 cxd4 8. exd4 Be7 9. c3 0-0 10. Qe2 d6 11. h3 Nbd7 12. Bh2 Re8 13. 0-0 Bf8 14. Nc4 Qc7 15. Nfd2 Qc6 16. Ne3 g6 17. f4 Bh6 18. Ng4 Bg7 19. Nxf6+ Nxf6 20. Nf3 Qc8 21. Nd2 Bc6 22. g4 Qb7 23. Bg3 b5 24. a5 Rad8 25. Kh2 h5 26. Rae1 Qc8 27. Bh4 hxg4 28. hxg4 e5 29. fxe5 Nxg4+ 30. Kg3 Nxe5 31. Be4 Nc4 32. Qf3 Nxd2 33. Qxf7+ Kh8 34. Rh1 Nxe4+ 35. Rxe4 1-0

[Event "Rostov Region-ch op"]
[Site "Rostov on Don"]
[Date "2011.10.20"]
[Round "9.5"]
[White "Ivaschenko, Vadim"]
[Black "Kachko, Alexander"]
[Result "1-0"]
[WhiteElo "2259"]
[BlackElo "2364"]
[PlyCount "69"]
[EventDate "2011.10.20"]
[EventType "swiss"]
[EventRounds "9"]
[EventCountry "RUS"]
[SourceTitle "EXT 2022"]
[Source "ChessBase"]
[SourceDate "2021.10.06"]
[SourceVersion "1"]
[SourceVersionDate "2021.10.06"]
[SourceQuality "1"]

1. d4 Nf6 2. c4 b5 3. cxb5 a6 4. bxa6 Nxa6 5. Nf3 e6 6. g3 Bb4+ 7. Bd2 Bxd2+ 8. Nbxd2 h5 9. Bg2 Rb8 10. b3 Bb7 11. 0-0 h4 12. Nxh4 Rxh4 13. gxh4 Bxg2 14. Kxg2 Nd5 15. e3 Qxh4 16. Qf3 f5 17. Qg3 Qh6 18. Nf3 c5 19. dxc5 f4 20. Qg5 Qxg5+ 21. Nxg5 fxe3 22. Ne4 Rb4 23. f3 e2 24. Rfe1 Rxe4 25. fxe4 Ne3+ 26. Kf2 Nc2 27. Rec1 Nxa1 28. Rxa1 Nxc5 29. Kxe2 Nxe4 30. a4 Nc5 31. a5 Na6 32. b4 Nc7 33. a6 Kd8 34. a7 Na8 35. Rg1 1-0

[Event "Rostov Region-ch op"]
[Site "Rostov on Don"]
[Date "2011.10.20"]
[Round "7.6"]
[White "Kornyukov, Alexey"]
[Black "Kachko, Alexander"]
[Result "1/2-1/2"]
[WhiteElo "2483"]
[BlackElo "2364"]
[PlyCount "66"]
[EventDate "2011.10.20"]
[EventType "swiss"]
[EventRounds "9"]
[EventCountry "RUS"]
[SourceTitle "EXT 2022"]
[Source "ChessBase"]
[SourceDate "2021.10.06"]
[SourceVersion "1"]
[SourceVersionDate "2021.10.06"]
[SourceQuality "1"]

1. d4 Nc6 2. e4 e5 3. Nf3 exd4 4. Nxd4 Qh4 5. Nc3 Bb4 6. Be2 Qxe4 7. Ndb5 Bxc3+ 8. bxc3 Kd8 9. 0-0 Nf6 10. Bf3 Qc4 11. Rb1 a6 12. Nd4 Nxd4 13. cxd4 Re8 14. Bg5 d5 15. Qd2 a5 16. Rfe1 Rxe1+ 17. Rxe1 Be6 18. Qf4 Kd7 19. h3 Re8 20. Bxf6 gxf6 21. Qxf6 Qxc2 22. Re5 Qg6 23. Qh4 Qb1+ 24. Kh2 Qxa2 25. Bg4 h5 26. Qxh5 Qxf2 27. Rxd5+ Ke7 28. Qe5 Qh4 29. g3 Qh6 30. Qxc7+ Kf8 31. Qc5+ Re7 32. Re5 Qf6 33. Bxe6 Qf2+ 1/2-1/2

[Event "Rostov Region-ch op"]
[Site "Rostov on Don"]
[Date "2011.10.20"]
[Round "4.11"]
[White "Travkina, Anastasia"]
[Black "Kachko, Alexander"]
[Result "1/2-1/2"]
[WhiteElo "2169"]
[BlackElo "2364"]
[PlyCount "77"]
[EventDate "2011.10.20"]
[EventType "swiss"]
[EventRounds "9"]
[EventCountry "RUS"]
[SourceTitle "EXT 2022"]
[Source "ChessBase"]
[SourceDate "2021.10.06"]
[SourceVersion "1"]
[SourceVersionDate "2021.10.06"]
[SourceQuality "1"]

1. e4 g6 2. d4 c6 3. Nc3 d5 4. e5 Bg7 5. f4 h5 6. Be3 Nh6 7. Nf3 Bg4 8. Bd3 e6 9. Qd2 Bxf3 10. gxf3 Bf8 11. Ne2 Nd7 12. c3 Be7 13. Qc2 Bh4+ 14. Ng3 Nf5 15. Bxf5 exf5 16. Bf2 Nf8 17. 0-0-0 Ne6 18. Be3 Be7 19. Ne2 Qd7 20. Kb1 a5 21. c4 dxc4 22. Qxc4 Nc7 23. Nc3 Bb4 24. d5 Bxc3 25. e6 fxe6 26. Qxc3 0-0 27. dxc6 Qxc6 28. Qe5 Nd5 29. Bd4 Rf6 30. Rhg1 Kh7 31. Qe1 Rf7 32. Qh4 e5 33. Bxe5 Ne3 34. Rd8 Rd7 35. Rxd7+ Qxd7 36. a3 Qd3+ 37. Ka2 Qd8 38. Qg3 Ra6 39. Qg5 1/2-1/2

[Event "Moscow op-A"]
[Site "Moscow"]
[Date "2009.02.08"]
[Round "9"]
[White "Chizhikov, Vladislav"]
[Black "Kachko, Alexander"]
[Result "1/2-1/2"]
[WhiteElo "2167"]
[BlackElo "2401"]
[PlyCount "49"]
[EventDate "2009.01.31"]
[EventType "swiss"]
[EventRounds "9"]
[EventCountry "RUS"]
[SourceTitle "EXT 2023"]
[Source "ChessBase"]
[SourceDate "2022.10.05"]
[SourceVersion "1"]
[SourceVersionDate "2022.10.05"]
[SourceQuality "1"]

1. e4 Nc6 2. d4 e5 3. dxe5 Nxe5 4. Nf3 Nxf3+ 5. Qxf3 Qf6 6. Qg3 Qg6 7. Bd3 Qxg3 8. hxg3 Bc5 9. e5 h6 10. Bd2 Ne7 11. f4 d5 12. Nc3 a6 13. Rh4 c6 14. g4 Ng6 15. Bxg6 fxg6 16. g5 Be7 17. Rh2 Kf7 18. 0-0-0 d4 19. Ne4 Bf5 20. Nd6+ Ke6 21. gxh6 Bxd6 22. exd6 Rxh6 23. Ba5 Kxd6 24. Rxd4+ Kc5 25. c3 1/2-1/2

[Event "Moscow op-A"]
[Site "Moscow"]
[Date "2009.02.04"]
[Round "5"]
[White "Nukin, Ashat"]
[Black "Kachko, Alexander"]
[Result "1-0"]
[WhiteElo "2270"]
[BlackElo "2401"]
[PlyCount "89"]
[EventDate "2009.01.31"]
[EventType "swiss"]
[EventRounds "9"]
[EventCountry "RUS"]
[SourceTitle "EXT 2022"]
[Source "ChessBase"]
[SourceDate "2021.10.06"]
[SourceVersion "1"]
[SourceVersionDate "2021.10.06"]
[SourceQuality "1"]

1. e4 Nc6 2. Nf3 d6 3. d4 g6 4. Nc3 Bg7 5. Be2 Nf6 6. 0-0 0-0 7. d5 Nb8 8. h3 e5 9. dxe6 Bxe6 10. Bf4 Nc6 11. Qd2 Re8 12. Rfe1 Nh5 13. Bh6 Nf6 14. Rad1 Nd7 15. Bxg7 Kxg7 16. Ng5 h6 17. Nxe6+ fxe6 18. f4 Rf8 19. Bg4 e5 20. Nd5 Nf6 21. f5 Nxd5 22. exd5 Ne7 23. fxg6 Nxg6 24. Qc3 Qe7 25. Re4 Rf4 26. Rxf4 Nxf4 27. g3 Ng6 28. Rf1 Rf8 29. Bf5 Qf7 30. Qc4 h5 31. Bd3 Qd7 32. Rxf8 Nxf8 33. Qh4 Qf7 34. Qg5+ Kh8 35. Be2 Nh7 36. Qxh5 Qxd5 37. Bd3 Qd4+ 38. Kf1 e4 39. Qe8+ Kg7 40. Qe7+ Kh6 41. Qh4+ Kg7 42. Qe7+ Kh6 43. Qh4+ Kg7 44. Qxe4 Qxe4 45. Bxe4 1-0

[Event "Moscow op-A"]
[Site "Moscow"]
[Date "2009.02.01"]
[Round "2"]
[White "Kachko, Alexander"]
[Black "Mukashev, Assan"]
[Result "1-0"]
[WhiteElo "2401"]
[BlackElo "2125"]
[PlyCount "43"]
[EventDate "2009.01.31"]
[EventType "swiss"]
[EventRounds "9"]
[EventCountry "RUS"]
[SourceTitle "EXT 2022"]
[Source "ChessBase"]
[SourceDate "2021.10.06"]
[SourceVersion "1"]
[SourceVersionDate "2021.10.06"]
[SourceQuality "1"]

1. e4 e6 2. c4 d5 3. cxd5 exd5 4. exd5 Nf6 5. Bc4 Nxd5 6. Ne2 Nb6 7. Bb3 Bd6 8. 0-0 0-0 9. Nbc3 Nc6 10. d4 Bf5 11. Nb5 Re8 12. Nxd6 Qxd6 13. Bf4 Qd7 14. Qd2 Rad8 15. Rfe1 Ne7 16. a4 Nbd5 17. Bg3 Nf6 18. Bh4 Ned5 19. Bxd5 Qxd5 20. Bxf6 gxf6 21. Rac1 Qd7 22. f3 1-0

[Event "Rostov on Don-ch op"]
[Site "Rostov on Don"]
[Date "2008.12.??"]
[Round "2"]
[White "Kachko, Alexander"]
[Black "Petrova, Olga"]
[Result "0-1"]
[WhiteElo "2401"]
[BlackElo "2221"]
[PlyCount "124"]
[EventDate "2008.12.19"]
[EventType "swiss"]
[EventRounds "9"]
[EventCountry "RUS"]
[SourceTitle "EXT 2022"]
[Source "ChessBase"]
[SourceDate "2021.10.06"]
[SourceVersion "1"]
[SourceVersionDate "2021.10.06"]
[SourceQuality "1"]

1. d4 Nf6 2. Nc3 d5 3. Bg5 Bf5 4. Bxf6 exf6 5. e3 c6 6. Nge2 Bd6 7. Ng3 Bg6 8. Bd3 Nd7 9. Nf5 Bxf5 10. Bxf5 g6 11. Bd3 f5 12. h3 Nf6 13. g4 f4 14. Qf3 fxe3 15. fxe3 Nd7 16. 0-0-0 0-0 17. h4 Qf6 18. Qh3 Rae8 19. h5 Rxe3 20. Qg2 Rg3 21. Qe2 Qg5+ 22. Kb1 Qxg4 23. Qh2 Nf6 24. hxg6 fxg6 25. Rdf1 Rxd3 26. Qxd6 Rf3 27. Re1 Qd7 28. Qa3 Ne4 29. Qxa7 Nxc3+ 30. bxc3 Rxc3 31. Re5 Rcf3 32. Kb2 R3f5 33. Re3 Qg7 34. Rhe1 R5f7 35. Qc5 g5 36. Re5 g4 37. Rg1 Qg6 38. Qc3 Rf3 39. Qe1 Rf2 40. Qd1 R2f4 41. Qd2 g3 42. Re3 Rf3 43. Qe1 g2 44. Re2 Rf1 45. Rexg2 Rxe1 46. Rxg6+ hxg6 47. Rxe1 Kg7 48. c4 dxc4 49. Kc3 b5 50. a4 Ra8 51. axb5 cxb5 52. d5 Kf6 53. Re6+ Kf5 54. Rb6 Ra3+ 55. Kd4 Rd3+ 56. Kc5 c3 57. Kd6 c2 58. Rc6 Rd2 59. Rc5 b4 60. Ke7 b3 61. d6+ Kf4 62. d7 b2 0-1

[Event "Rostov on Don-ch op"]
[Site "Rostov on Don"]
[Date "2008.12.??"]
[Round "3"]
[White "Kachko, Alexander"]
[Black "Travkina, Anastasia"]
[Result "1-0"]
[WhiteElo "2401"]
[BlackElo "2138"]
[PlyCount "73"]
[EventDate "2008.12.19"]
[EventType "swiss"]
[EventRounds "9"]
[EventCountry "RUS"]
[SourceTitle "EXT 2022"]
[Source "ChessBase"]
[SourceDate "2021.10.06"]
[SourceVersion "1"]
[SourceVersionDate "2021.10.06"]
[SourceQuality "1"]

1. Nf3 c5 2. g3 Nf6 3. Bg2 g6 4. d3 Bg7 5. e4 Nc6 6. 0-0 0-0 7. h3 Rb8 8. Nh2 d5 9. Nd2 dxe4 10. dxe4 e5 11. c3 b5 12. f4 exf4 13. gxf4 c4 14. e5 Qb6+ 15. Rf2 Nh5 16. Ne4 Ne7 17. Qd6 Nf5 18. Qxb6 Rxb6 19. a4 a6 20. Ng4 b4 21. Ne3 bxc3 22. bxc3 Nxe3 23. Bxe3 Rb3 24. Bc5 Rd8 25. Bb4 Bf8 26. Nd6 Bh6 27. Raf1 Ng3 28. Re1 Nh5 29. Re4 Rb1+ 30. Kh2 Ra1 31. a5 Be6 32. f5 Bd5 33. e6 Bxe4 34. e7 Re8 35. Nxe8 Bxg2 36. Kxg2 Re1 37. Nc7 1-0

[Event "Moscow op-A 04th"]
[Site "Moscow"]
[Date "2008.02.05"]
[Round "4"]
[White "Inarkiev, Ernesto"]
[Black "Kachko, Alexander"]
[Result "1-0"]
[WhiteElo "2681"]
[BlackElo "2419"]
[PlyCount "139"]
[EventDate "2008.02.02"]
[EventType "swiss"]
[EventRounds "9"]
[EventCountry "RUS"]
[SourceTitle "CBM 122 Extra"]
[Source "ChessBase"]
[SourceDate "2008.03.04"]
[SourceVersion "1"]
[SourceVersionDate "2008.03.04"]
[SourceQuality "1"]

1. d4 d5 2. Nf3 Nf6 3. c4 c6 4. Nc3 a6 5. c5 Nbd7 6. Bf4 g6 7. h3 Bg7 8. e3 Ne4 9. Nxe4 dxe4 10. Ng5 Nf6 11. Be5 0-0 12. Bc4 Qe8 13. Qc2 h6 14. Nxe4 Bf5 15. Bd3 Nxe4 16. Bxg7 Kxg7 17. Bxe4 Bxe4 18. Qxe4 f6 19. Qe6 Rd8 20. 0-0-0 f5 21. Qb3 Qd7 22. Rd2 e6 23. f3 Rf7 24. Qc3 Kh7 25. Re1 Qd5 26. b3 Rfd7 27. Red1 Rf7 28. Kc2 Qd7 29. Qc4 Qe7 30. Rd3 Qg5 31. R1d2 Qf6 32. b4 Rfd7 33. a4 h5 34. Kd1 Kh6 35. Ke2 Rd5 36. Qc3 Qh4 37. Kd1 R5d7 38. Kc2 Rd5 39. Rd1 Kh7 40. Qe1 Qf6 41. Qg3 Qg7 42. h4 a5 43. bxa5 e5 44. Qf2 Qf7 45. Kb1 Qc7 46. Qe1 Qe7 47. Qb4 R5d7 48. g3 e4 49. fxe4 Qxe4 50. Qe1 Re8 51. Kb2 Rde7 52. Qe2 Qd5 53. Rb3 Ra8 54. Qe1 Rae8 55. Rdd3 Kh6 56. Ka3 Ra8 57. Qd2 Kh7 58. Rb6 Qc4 59. Qc3 Qf7 60. Qb3 Qg7 61. Qb4 Rae8 62. Qd2 Ra8 63. Rdb3 Ra7 64. Qb2 Rc7 65. Qc3 Qf7 66. Qd3 Qd5 67. Qc3 Qf7 68. R3b4 Re7 69. Qb3 Qg7 70. a6 1-0

[Event "Voronezh op-A 11th"]
[Site "Voronezh"]
[Date "2007.06.16"]
[Round "5"]
[White "Morozov, Evgeny"]
[Black "Kachko, Alexander"]
[Result "0-1"]
[WhiteElo "2277"]
[BlackElo "2414"]
[PlyCount "66"]
[EventDate "2007.06.12"]
[EventType "swiss"]
[EventRounds "9"]
[EventCountry "RUS"]
[SourceTitle "CBM 118 Extra"]
[Source "ChessBase"]
[SourceDate "2007.07.04"]
[SourceVersion "1"]
[SourceVersionDate "2007.07.04"]
[SourceQuality "1"]

1. e4 Nc6 2. d4 d5 3. Nc3 dxe4 4. d5 Nb8 5. Nxe4 c6 6. Bc4 cxd5 7. Qxd5 Qxd5 8. Bxd5 e6 9. Bb3 Bd7 10. Ne2 Bc6 11. N2g3 h5 12. h4 Nf6 13. Nxf6+ gxf6 14. f3 Nd7 15. Be3 0-0-0 16. Kf2 a5 17. Bc4 Bd6 18. Rhd1 Bc7 19. Bf1 Rdg8 20. Ne2 Nb6 21. Ke1 Nc4 22. Bc1 e5 23. b3 Nd6 24. Nc3 Nf5 25. Nd5 Bxd5 26. Rxd5 Nxh4 27. Kf2 Bb6+ 28. Be3 Bxe3+ 29. Kxe3 Nxg2+ 30. Bxg2 Rxg2 31. Rxa5 Kb8 32. c3 h4 33. Ra4 f5 0-1

[Event "RUS-ch 60th zt"]
[Site "Rostov on Don"]
[Date "2007.03.??"]
[Round "9"]
[White "Anoshkin, Alexander"]
[Black "Kachko, Alexander"]
[Result "1-0"]
[WhiteElo "2365"]
[BlackElo "2410"]
[PlyCount "33"]
[EventDate "2007.03.16"]
[EventType "swiss"]
[EventRounds "9"]
[EventCountry "RUS"]
[SourceTitle "EXT 2022"]
[Source "ChessBase"]
[SourceDate "2021.10.06"]
[SourceVersion "1"]
[SourceVersionDate "2021.10.06"]
[SourceQuality "1"]

1. e4 Nc6 2. Nf3 d6 3. d4 g6 4. Bc4 Bg7 5. Ng5 e6 6. d5 exd5 7. Nxf7 Qf6 8. Bxd5 Nge7 9. Nxh8 Bxh8 10. Nc3 Ne5 11. h3 c6 12. Bb3 Bd7 13. Be3 b5 14. Qd2 b4 15. Ne2 Qh4 16. Ng3 a5 17. Bg5 1-0

[Event "RUS-ch 60th zt"]
[Site "Rostov on Don"]
[Date "2007.03.??"]
[Round "8"]
[White "Kachko, Alexander"]
[Black "Khlian, Eduard"]
[Result "1/2-1/2"]
[WhiteElo "2410"]
[BlackElo "2468"]
[PlyCount "34"]
[EventDate "2007.03.16"]
[EventType "swiss"]
[EventRounds "9"]
[EventCountry "RUS"]
[SourceTitle "EXT 2022"]
[Source "ChessBase"]
[SourceDate "2021.10.06"]
[SourceVersion "1"]
[SourceVersionDate "2021.10.06"]
[SourceQuality "1"]

1. e4 d6 2. d4 Nf6 3. Nc3 e5 4. dxe5 dxe5 5. Qxd8+ Kxd8 6. Nf3 Bd6 7. Bc4 Ke7 8. Bg5 c6 9. 0-0-0 Nbd7 10. Bxf7 Bc5 11. Bb3 Bxf2 12. Rhf1 Bb6 13. Nh4 Nc5 14. Bc4 Ba5 15. Be3 Bb6 16. Bg5 Ba5 17. Be3 Bb6 1/2-1/2

[Event "Moscow op 03rd"]
[Site "Moscow"]
[Date "2007.02.04"]
[Round "9"]
[White "Turov, Maxim"]
[Black "Kachko, Alexander"]
[Result "1-0"]
[WhiteElo "2562"]
[BlackElo "2410"]
[PlyCount "91"]
[EventDate "2007.01.27"]
[EventType "swiss"]
[EventRounds "9"]
[EventCountry "RUS"]
[SourceTitle "CBM 116 Extra"]
[Source "ChessBase"]
[SourceDate "2007.03.07"]
[SourceVersion "1"]
[SourceVersionDate "2007.03.07"]
[SourceQuality "1"]

1. d4 d5 2. c4 c6 3. Nf3 Nf6 4. e3 e6 5. Bd3 Nbd7 6. 0-0 Bd6 7. Nbd2 0-0 8. e4 dxe4 9. Nxe4 Nxe4 10. Bxe4 Nf6 11. Bc2 c5 12. Bg5 h6 13. Bh4 cxd4 14. Qd3 Re8 15. Nxd4 Be5 16. Rad1 Bxd4 17. Qxd4 Qxd4 18. Rxd4 e5 19. Rd2 g5 20. Bg3 Nh5 21. Ba4 Nxg3 22. hxg3 Rf8 23. Rfd1 a6 24. b3 e4 25. Bd7 Rd8 26. g4 Rb8 27. Kf1 Bxd7 28. Rxd7 Rdc8 29. R7d5 Rc6 30. Ke2 Rbc8 31. Ke3 Kg7 32. Rd6 b5 33. Rxc6 Rxc6 34. Rc1 Kf6 35. Kxe4 Re6+ 36. Kd3 Rd6+ 37. Kc3 bxc4 38. bxc4 Ke5 39. Re1+ Kf4 40. f3 Rc6 41. Re4+ Kg3 42. Re2 Rc8 43. Kb4 Rb8+ 44. Ka5 Rc8 45. Rc2 Rc6 46. c5 1-0